[Event "FRA-chT"]
[Site "FRA"]
[Date "1998.05.11"]
[Round "11"]
[White "Solakian, Jerome"]
[Black "Leski, Marc"]
[Result "0-1"]
[WhiteElo "2225"]
[BlackElo "2425"]
[PlyCount "48"]
[EventDate "1998.02.06"]
[Source "ChesBase"]
[SourceDate "1998.07.07"]

1. e4 d6 2. d4 Nf6 3. f3 c5 4. d5 e6 5. c4 b5 6. cxb5 exd5 7. exd5 g6 8. Nc3
Qe7+ 9. Qe2 Bb7 10. Bf4 Nbd7 11. O-O-O Nb6 12. Ne4 Nxe4 13. fxe4 Bg7 14. Nf3
O-O 15. Qc2 a6 16. Kb1 axb5 17. Bxb5 Ra5 18. Bc4 Rfa8 19. Rhe1 Nxc4 20. Qxc4
Ra4 21. Qd3 Bxb2 22. Kxb2 Qf6+ 23. Kc1 Rxa2 24. Be5 dxe5 0-1

[Event "FRA-chT"]
[Site "FRA"]
[Date "1998.05.11"]
[Round "11"]
[White "Soyeur, Alain"]
[Black "Lopez, Jorge"]
[Result "1-0"]
[WhiteElo "2175"]
[BlackElo "2195"]
[PlyCount "75"]
[EventDate "1998.02.06"]
[Source "ChesBase"]
[SourceDate "1998.07.07"]

1. d4 Nf6 2. Nf3 e6 3. Bg5 c5 4. e3 Qb6 5. Nbd2 Qxb2 6. Bxf6 gxf6 7. Bd3 Qb6 8.
O-O d6 9. dxc5 dxc5 10. e4 Bd7 11. e5 f5 12. Ng5 Nc6 13. Qh5 O-O-O 14. Nc4 Qc7
15. Qxf7 Nxe5 16. Nxe5 Qxe5 17. Rae1 Qg7 18. Qxg7 Bxg7 19. Nxe6 Bxe6 20. Rxe6
Rhf8 21. Re7 Rd7 22. Rfe1 Rf7 23. Rxf7 Rxf7 24. Bc4 Rc7 25. Be6+ Kd8 26. Bxf5
h6 27. g4 Re7 28. Rxe7 Kxe7 29. f4 Bf6 30. Kg2 Bh4 31. Kh3 Be1 32. g5 b5 33.
Kg4 Bd2 34. Bg6 a5 35. h4 a4 36. f5 b4 37. f6+ Ke6 38. Bd3 1-0

[Event "FRA-chT"]
[Site "FRA"]
[Date "1998.05.11"]
[Round "11"]
[White "Spiridonov, Nikola"]
[Black "Boyd, Stephen"]
[Result "0-1"]
[WhiteElo "2395"]
[BlackElo "2355"]
[PlyCount "68"]
[EventDate "1998.02.06"]
[Source "ChesBase"]
[SourceDate "1998.07.07"]

1. Nf3 g6 2. c4 Bg7 3. d4 Nf6 4. Nc3 O-O 5. Bg5 c5 6. d5 e6 7. dxe6 fxe6 8. e3
a6 9. Nd2 b5 10. cxb5 Bb7 11. Qb3 d5 12. bxa6 Bxa6 13. Bxa6 Nxa6 14. O-O Qa5
15. a3 c4 16. Qc2 Nc5 17. e4 Na4 18. Nxa4 Qxa4 19. Qxa4 Rxa4 20. Rac1 Rb8 21.
exd5 exd5 22. Rc2 Nd7 23. Rb1 Nc5 24. Be7 Nd3 25. b3 Ra7 26. Bg5 Rxa3 27. Be7
Ra7 28. Bd6 Rb6 29. Bg3 c3 30. Nf1 d4 31. Re2 Rc6 32. Rd1 Nb4 33. Re8+ Kf7 34.
Rb8 c2 0-1

[Event "FRA-chT"]
[Site "FRA"]
[Date "1998.05.11"]
[Round "11"]
[White "Summerscale, Aaron"]
[Black "Giacomini, Hector"]
[Result "1-0"]
[WhiteElo "2440"]
[BlackElo "2305"]
[PlyCount "87"]
[EventDate "1998.02.06"]
[Source "ChesBase"]
[SourceDate "1998.07.07"]

1. Nf3 d5 2. d4 Nf6 3. c4 e6 4. Nc3 Nbd7 5. cxd5 exd5 6. Bf4 c6 7. h3 Nb6 8.
Qc2 Bd6 9. Bxd6 Qxd6 10. e3 O-O 11. Bd3 Re8 12. O-O Be6 13. Rae1 Nbd7 14. Ng5
h6 15. Nf3 Rac8 16. Qb1 c5 17. dxc5 Nxc5 18. Bc2 Nce4 19. Ne2 Ng5 20. Nxg5 hxg5
21. Nd4 Ne4 22. Rd1 Qe5 23. Nxe6 Rxe6 24. Rd4 g6 25. Qd1 Nf6 26. Bb3 Rd8 27.
Qf3 Red6 28. Rfd1 Kg7 29. R1d3 Rc8 30. Rd1 Rcd8 31. Qe2 Ne4 32. Qb5 g4 33. hxg4
Nxf2 34. Kxf2 Rf6+ 35. Ke2 Qg3 36. Kd2 Rf2+ 37. Kc1 Qxe3+ 38. Kb1 Rxg2 39. Qd3
Qf2 40. Qc3 Kg8 41. Bxd5 Rg3 42. Bxf7+ Kg7 43. R4d3+ Kxf7 44. Qc7+ 1-0

[Event "FRA-chT"]
[Site "FRA"]
[Date "1998.05.11"]
[Round "11"]
[White "Szabolcsi, Janos"]
[Black "Renet, Olivier"]
[Result "1-0"]
[WhiteElo "2390"]
[BlackElo "2490"]
[PlyCount "61"]
[EventDate "1998.02.06"]
[Source "ChesBase"]
[SourceDate "1998.07.07"]

1. d4 Nf6 2. c4 e6 3. Nf3 d5 4. Bg5 Be7 5. Nc3 h6 6. Bh4 O-O 7. e3 b6 8. cxd5
Nxd5 9. Bxe7 Qxe7 10. Nxd5 exd5 11. Bd3 c5 12. O-O Be6 13. e4 Nd7 14. Re1 Qf6
15. dxc5 Nxc5 16. e5 Qf4 17. Bc2 Bg4 18. Qd4 Qxd4 19. Nxd4 Ne6 20. Nc6 Rfe8 21.
f3 Bh5 22. Bb3 Rac8 23. Nxa7 Rc5 24. Rac1 Rxc1 25. Rxc1 Nd4 26. Rc8 Rxc8 27.
Nxc8 Nxb3 28. axb3 d4 29. Nxb6 Kf8 30. Kf2 Ke7 31. Nd5+ 1-0

[Event "FRA-chT"]
[Site "FRA"]
[Date "1998.05.11"]
[Round "11"]
[White "Tagnon, Nicole"]
[Black "Buchy, Daniel"]
[Result "1-0"]
[WhiteElo "2080"]
[BlackElo "2215"]
[PlyCount "53"]
[EventDate "1998.02.06"]
[Source "ChesBase"]
[SourceDate "1998.07.07"]

1. e4 c5 2. Nf3 Nc6 3. d4 cxd4 4. Nxd4 g6 5. Be3 Bg7 6. Nc3 d6 7. Bc4 Nf6 8. f3
a6 9. Bb3 Bd7 10. Qd2 O-O 11. h4 Qa5 12. O-O-O Rfc8 13. g4 Ne5 14. h5 Nc4 15.
Bxc4 Rxc4 16. Nb3 Qd8 17. hxg6 hxg6 18. Bh6 Bh8 19. e5 Ne8 20. f4 Bxg4 21. Rdg1
Qd7 22. Nd5 Rac8 23. c3 Ng7 24. exd6 Nf5 25. Rxg4 Nxd6 26. Qg2 Ne4 27. Rxg6+
1-0

[Event "FRA-chT"]
[Site "FRA"]
[Date "1998.05.11"]
[Round "11"]
[White "Vaisser, Anatoli"]
[Black "Desbones, Samy"]
[Result "1-0"]
[WhiteElo "2595"]
[BlackElo "2220"]
[PlyCount "57"]
[EventDate "1998.02.06"]
[Source "ChesBase"]
[SourceDate "1998.07.07"]

1. d4 Nf6 2. c4 g6 3. Nc3 Bg7 4. e4 d6 5. f4 O-O 6. Nf3 Na6 7. e5 Nd7 8. h4
dxe5 9. fxe5 c5 10. Bf4 cxd4 11. Qxd4 Nb4 12. Rc1 Qa5 13. Qe3 Qc5 14. e6 Qxe3+
15. Bxe3 fxe6 16. h5 gxh5 17. Rxh5 Rf5 18. Rh3 Nc5 19. Bxc5 Rxc5 20. a3 Nc6 21.
b4 Rf5 22. Bd3 Rf4 23. Bxh7+ Kf8 24. Ne4 e5 25. Rh1 Bf6 26. Rc3 Nd4 27. Nfd2
Kg7 28. g3 Rg4 29. Nf2 1-0

[Event "FRA-chT"]
[Site "FRA"]
[Date "1998.05.11"]
[Round "11"]
[White "Vaugeois, Cyrille"]
[Black "Solozhenkin, Evgeniy"]
[Result "0-1"]
[WhiteElo "2165"]
[BlackElo "2500"]
[PlyCount "78"]
[EventDate "1998.02.06"]
[Source "ChesBase"]
[SourceDate "1998.07.07"]

1. e4 Nf6 2. Nc3 e5 3. Nf3 Nc6 4. d4 Bb4 5. Bg5 h6 6. Bxf6 Qxf6 7. d5 Bxc3+ 8.
bxc3 Ne7 9. Nd2 O-O 10. h4 c6 11. c4 d6 12. Rb1 b6 13. Rb3 Rd8 14. h5 Bd7 15.
Be2 Nc8 16. Bg4 Be8 17. Rhh3 b5 18. cxb5 cxb5 19. Rbc3 Qe7 20. Rhg3 Nb6 21. Bf5
Nd7 22. Qg4 Qf8 23. Rc7 Nf6 24. Qh4 Kh8 25. Nf1 b4 26. Ne3 a5 27. Bh3 Nh7 28.
Nf5 Ng5 29. Ne7 Bd7 30. Nc6 Bxc6 31. Rxc6 Qe7 32. Qg4 a4 33. Qe2 Qa7 34. a3 Qa5
35. Bf5 bxa3+ 36. Qd2 a2 37. Ra3 Qb5 38. Qc1 Qb1 39. Kd1 Rab8 0-1

[Event "FRA-chT"]
[Site "FRA"]
[Date "1998.05.11"]
[Round "11"]
[White "Weill, Roland"]
[Black "Salaun, Yann"]
[Result "1/2-1/2"]
[WhiteElo "2300"]
[BlackElo "2360"]
[PlyCount "120"]
[EventDate "1998.02.06"]
[Source "ChesBase"]
[SourceDate "1998.07.07"]

1. e4 c5 2. Nf3 g6 3. d4 cxd4 4. c3 Bg7 5. Bc4 Nf6 6. e5 Ng4 7. cxd4 d5 8. Bb3
Na6 9. Nc3 Nc7 10. Bf4 h5 11. Qd2 Nh6 12. O-O Bg4 13. Ne1 Bf5 14. Rc1 Kf8 15.
Nc2 Bxc2 16. Rxc2 Nf5 17. Rfc1 Kg8 18. Ne2 Ne6 19. Be3 Nxe3 20. fxe3 Bh6 21.
Rc3 Kg7 22. Nf4 Bxf4 23. exf4 Qd7 24. Rf1 Rac8 25. Rcf3 f5 26. exf6+ exf6 27.
h4 Rhe8 28. f5 Nf8 29. fxg6 Re6 30. Rf5 Nxg6 31. Rxd5 Rd6 32. Rxh5 Rh8 33. Rxh8
Nxh8 34. Qf2 Qg4 35. Qf4 Qxf4 36. Rxf4 Ng6 37. Re4 f5 38. Re6 Rxd4 39. h5 Nf4
40. h6+ Kh7 41. Rf6 Rd2 42. Rxf5 Ne2+ 43. Kh2 Nd4 44. Rf7+ Kxh6 45. Rxb7 Rxb2
46. Bd5 Rxb7 47. Bxb7 Kg5 48. Kg3 Ne2+ 49. Kf2 Nc3 50. a3 a5 51. Ba6 Nb1 52. a4
Kf4 53. Bb5 Nc3 54. Bc6 Nd1+ 55. Ke2 Nb2 56. Kf2 Nd1+ 57. Ke1 Nb2 58. Bb5 Kg3
59. Kf1 Nd1 60. Bc6 Nb2 1/2-1/2